[Event "Nakhchivan Open 2014"]
[Site "Nakhchivan AZE"]
[Date "2014.05.04"]
[Round "1.2"]
[White "Khismatullin, Denis"]
[Black "Ahmadinia, Ebrahim"]
[Result "1-0"]
[WhiteTitle "GM"]
[BlackTitle "IM"]
[WhiteElo "2682"]
[BlackElo "2371"]
[WhiteFideId "4142578"]
[BlackFideId "12501891"]
[EventDate "2014.05.04"]

1. d4 d5 2. c4 c6 3. Nf3 Nf6 4. e3 a6 5. Nc3 b5 6. b3 Bg4 7. h3 Bxf3 8. Qxf3 e5
9. Bd2 Bb4 10. Qe2 Nbd7 11. Qd3 bxc4 12. bxc4 O-O 13. Be2 exd4 14. exd4 Nb6 15.
cxd5 Nbxd5 16. Nxd5 Bxd2+ 17. Qxd2 Ne4 18. Qb4 cxd5 19. O-O a5 20. Qa3 Qf6 21.
Rad1 Rfc8 22. Bd3 Qxd4 23. Bxe4 Qxe4 24. Rfe1 Qc4 25. Re7 Rd8 26. Qf3 d4 27. Rd7
Rac8 28. R1xd4 Qxd4 29. Qxf7+ Kh8 30. Rxd4 Rxd4 31. Qa7 Rd5 32. Kh2 h6 33. h4
Kh7 34. Qf7 Rcc5 35. g4 Rd2 36. Kg3 Rc3+ 37. f3 Rdd3 38. a4 Rxf3+ 39. Qxf3 Rxf3+
40. Kxf3 Kg6 41. Ke4 Kf6 42. Kd5 g6 43. Kd6 g5 44. h5 Kf7 45. Kc5 Ke6 46. Kb5 1-0

[Event "Nakhchivan Open 2014"]
[Site "Nakhchivan AZE"]
[Date "2014.05.04"]
[Round "1.3"]
[White "Sevdimaliyev, Urfan Adil"]
[Black "Mamedov, Rauf"]
[Result "1/2-1/2"]
[WhiteTitle "FM"]
[BlackTitle "GM"]
[WhiteElo "2354"]
[BlackElo "2660"]
[WhiteFideId "13402463"]
[BlackFideId "13401653"]
[EventDate "2014.05.04"]

1. e4 g6 2. d4 Bg7 3. Nc3 a6 4. Nf3 d6 5. Be2 Nf6 6. O-O O-O 7. a4 b6 8. Re1 Bb7
9. Bf1 e6 10. e5 dxe5 11. Nxe5 Nc6 12. Nxc6 Bxc6 13. Bg5 Qd6 14. Ne2 Rfd8 15. c3
h6 16. Bh4 Qe7 17. Qc2 g5 18. Bg3 Be4 19. Qb3 Bg6 20. Be5 Bf8 21. Nc1 Ng4 22.
Bd3 Nxe5 23. Rxe5 Bg7 24. Re3 Bh5 25. Ne2 Bxe2 26. Bxe2 Qd6 27. Bf3 Rab8 28.
Rae1 Kh8 29. Bh5 Rd7 30. Rf3 Rf8 31. Rfe3 c5 32. dxc5 Qxc5 33. Rd1 Rfd8 34. Rxd7
Rxd7 35. Qc2 Qd5 36. Re1 Qd2 37. Qxd2 Rxd2 38. Bxf7 Rxb2 39. g3 Bxc3 40. Rxe6
Bd4 41. Bh5 Kg7 42. Re2 Rb4 43. Be8 Kf6 44. Kg2 Bc5 45. h3 Rd4 46. Kf3 Rd8 47.
h4 gxh4 48. gxh4 Rd4 49. Re4 Rd3+ 50. Kg4 Rd2 51. f4 Rh2 52. h5 Rg2+ 53. Kf3
Rf2+ 54. Kg4 Rd2 55. Rc4 Ra2 56. Re4 Rg2+ 57. Kf3 Rd2 58. Kg4 Rd3 59. f5 Rd6 60.
Re6+ Rxe6 61. fxe6 Kxe6 62. Bc6 Ke5 63. Be8 Be7 64. Bc6 Kd4 65. Be8 Kc5 66. Kh3
Bd8 67. Bd7 Kb4 68. Be8 b5 69. axb5 a5 70. b6 Bxb6 71. Bd7 a4 72. Bxa4 Kxa4 73.
Kg2 Kb5 74. Kh1 Kc4 75. Kg2 Kd3 76. Kh1 Ke2 77. Kg2 Bf2 78. Kh1 Kf3 79. Kh2 Kg4
80. Kg2 Be3 81. Kh1 Kxh5 82. Kg2 Kg4 83. Kh1 h5 84. Kg2 Bg1 85. Kxg1 h4 86. Kh1
h3 87. Kh2 Kf5 88. Kxh3 Ke5 1/2-1/2

[Event "Nakhchivan Open 2014"]
[Site "Nakhchivan AZE"]
[Date "2014.05.04"]
[Round "1.6"]
[White "Smirnov, Pavel"]
[Black "Abdulov, Orkhan"]
[Result "1-0"]
[WhiteTitle "GM"]
[BlackTitle "IM"]
[WhiteElo "2626"]
[BlackElo "2336"]
[WhiteFideId "4123425"]
[BlackFideId "13402714"]
[EventDate "2014.05.04"]

1. d4 g6 2. e4 Bg7 3. c4 e6 4. Nc3 Ne7 5. h4 d5 6. cxd5 exd5 7. e5 c5 8. dxc5
Bxe5 9. Nf3 Bf6 10. Bh6 Qa5 11. Rc1 Nd7 12. Be2 Nf5 13. Bd2 Qd8 14. Nxd5 Bxb2
15. Rc2 Bg7 16. Bg5 Qa5+ 17. Kf1 h5 18. Bd3 Nxc5 19. Bd2 Qa3 20. Qe2+ Be6 21.
Bb5+ Kd8 22. Bb4 1-0

[Event "Nakhchivan Open 2014"]
[Site "Nakhchivan AZE"]
[Date "2014.05.04"]
[Round "1.7"]
[White "Asgarizadeh, Ahmad"]
[Black "Guseinov, Gadir"]
[Result "1-0"]
[BlackTitle "GM"]
[WhiteElo "2320"]
[BlackElo "2621"]
[WhiteFideId "12505684"]
[BlackFideId "13401378"]
[EventDate "2014.05.04"]

1. e4 g6 2. d4 Bg7 3. Nc3 a6 4. f4 b5 5. Nf3 Bb7 6. Bd3 d6 7. O-O b4 8. Ne2 Nd7
9. c3 c5 10. cxb4 cxd4 11. Nexd4 Ngf6 12. Qe1 O-O 13. Nb3 Rb8 14. Bd2 e5 15.
fxe5 Ng4 16. Bc3 Ndxe5 17. Nxe5 Nxe5 18. Qg3 Qb6+ 19. Kh1 Rbe8 20. Rae1 Re7 21.
Nd2 Bc6 22. Bc2 Qb7 23. Nb3 Qd7 24. Nd4 Bb7 25. Bb3 Qd8 26. h3 Qa8 27. Qh4 Qe8
28. Ba4 Qd8 29. Qg3 Kh8 30. Bb3 Qa8 31. Qh4 Qe8 32. Bd5 Qd7 33. Nf3 f6 34. Nxe5
dxe5 35. Rd1 Qb5 36. Bxb7 Rxb7 37. a3 Rd7 38. Rxd7 Qxd7 39. Rf2 Qd1+ 40. Kh2 h5
41. Rd2 Qf1 42. Qg3 Bh6 43. Rf2 Qc1 44. Qd3 h4 45. Rf1 Qg5 46. Be1 Rc8 47. Bc3
Rf8 48. Kh1 Kg7 49. Qxa6 Qe3 50. Qc4 Bf4 51. Rf3 Qa7 52. Rd3 Qf2 53. Rf3 Qa7 54.
Qd3 Rf7 55. Rf1 Rd7 56. Qe2 g5 57. Re1 Qa4 58. Ra1 Kh6 59. Re1 Qb3 60. Qg4 Rd3
61. Qe2 Rd7 62. Kg1 Qa4 63. Ra1 Qa7+ 64. Kh1 Qa4 65. Be1 Rc7 66. Qd1 Qc6 67. Qe2
Qa4 68. Qd1 Qc6 69. Qd3 Rd7 70. b5 Qb7 71. Qe2 Rd4 72. a4 Rxe4 73. Qf3 f5 74. b3
Qd7 75. Bf2 Qd2 76. Rd1 Qc2 77. b6 g4 78. hxg4 Re2 79. Rd6+ Kg5 80. Bxh4+ 1-0

[Event "Nakhchivan Open 2014"]
[Site "Nakhchivan AZE"]
[Date "2014.05.04"]
[Round "1.8"]
[White "Korneev, Oleg"]
[Black "Mahdavirad, Mehdi"]
[Result "1-0"]
[WhiteTitle "GM"]
[WhiteElo "2618"]
[BlackElo "2295"]
[WhiteFideId "4156803"]
[BlackFideId "12502669"]
[EventDate "2014.05.04"]

1. e4 c5 2. Nf3 Nc6 3. d4 cxd4 4. Nxd4 e5 5. Nb5 d6 6. N1c3 a6 7. Na3 Be7 8. Nc4
b5 9. Ne3 Nf6 10. Bd3 O-O 11. O-O Rb8 12. a4 b4 13. Ncd5 a5 14. c3 Be6 15. Bb5
Na7 16. Nxf6+ Bxf6 17. c4 Bg5 18. b3 Rc8 19. Ra2 Qc7 20. Re1 h6 21. g3 Nc6 22.
h4 Bxe3 23. Bxe3 Ne7 24. Rd2 Rcd8 25. f3 f5 26. Bf2 fxe4 27. fxe4 Kh7 28. Re3
Ng8 29. Kg2 Nf6 30. Bg1 Bg4 31. Qe1 Qb7 32. Qb1 Nxe4 33. Rde2 Bf5 34. Rxe4 Qf7
35. Bc6 Qg6 36. Qe1 1-0

[Event "Nakhchivan Open 2014"]
[Site "Nakhchivan AZE"]
[Date "2014.05.04"]
[Round "1.9"]
[White "Lorparizangeneh, Shahin"]
[Black "Pantsulaia, Levan"]
[Result "0-1"]
[WhiteTitle "FM"]
[BlackTitle "GM"]
[WhiteElo "2284"]
[BlackElo "2573"]
[WhiteFideId "12521604"]
[BlackFideId "13602071"]
[EventDate "2014.05.04"]

1. c4 c5 2. Nc3 Nf6 3. g3 e6 4. Nf3 b6 5. Bg2 Bb7 6. O-O d6 7. Re1 Be7 8. e4 a6
9. d4 cxd4 10. Nxd4 Qc7 11. Be3 Nbd7 12. Rc1 O-O 13. f4 Rfe8 14. f5 Nf8 15. Rf1
Rac8 16. fxe6 fxe6 17. b3 Bd8 18. Qe2 Qf7 19. Rf2 Ng6 20. Bh3 Ne5 21. Bf4 h6 22.
a4 g5 23. Be3 g4 24. Bg2 Qg6 25. Bf4 Nf7 26. Bd2 Ne5 27. Rcf1 Nh7 28. Rf4 Ng5
29. Qf2 Be7 30. Qe2 h5 31. Kh1 Rc7 32. R4f2 Nh3 33. Bxh3 gxh3 34. Re1 Ng4 35.
Rff1 Bf6 36. Nf3 Rf7 37. Kg1 Ref8 38. Qd3 h4 39. Kh1 hxg3 40. hxg3 Bxc3 41. Bxc3
e5 42. Kg1 Ne3 0-1

[Event "Nakhchivan Open 2014"]
[Site "Nakhchivan AZE"]
[Date "2014.05.04"]
[Round "1.10"]
[White "Gagunashvili, Merab"]
[Black "Abdulla, Khayala"]
[Result "1-0"]
[WhiteTitle "GM"]
[BlackTitle "WIM"]
[WhiteElo "2560"]
[BlackElo "2262"]
[WhiteFideId "13601652"]
[BlackFideId "13401807"]
[EventDate "2014.05.04"]

1. d4 Nf6 2. c4 e6 3. Nc3 Bb4 4. Qc2 O-O 5. a3 Bxc3+ 6. Qxc3 d6 7. Nf3 Nbd7 8.
e3 b6 9. Be2 Bb7 10. b4 Ne4 11. Qc2 c5 12. O-O Rc8 13. Rd1 Qe7 14. Bb2 f5 15.
dxc5 bxc5 16. b5 Ndf6 17. Nd2 Nxd2 18. Rxd2 Ne4 19. Rdd1 Qg5 20. Bf3 Rc7 21. Qe2
Rcf7 22. Bxe4 fxe4 23. Rxd6 e5 24. Rf1 Bc8 25. h4 Bg4 26. Qd2 Qh5 27. Rd8 Be6
28. Rxf8+ Rxf8 29. Rc1 Qxh4 30. Bxe5 Rd8 31. Qa5 Rd7 32. Qa6 Qg4 33. Bd6 Kf7 34.
Qc6 Bxc4 35. Qxc5 Be6 36. a4 Qe2 37. Qe5 g6 38. a5 Qd3 39. Rc6 Bf5 40. Kh2 Qd1
41. f3 exf3 42. Ba3 Rd8 43. Qf6+ Kg8 44. Rc7 1-0

[Event "Nakhchivan Open 2014"]
[Site "Nakhchivan AZE"]
[Date "2014.05.04"]
[Round "1.11"]
[White "Bayramov, Vugar"]
[Black "Savchenko, Boris"]
[Result "0-1"]
[BlackTitle "GM"]
[WhiteElo "2259"]
[BlackElo "2559"]
[WhiteFideId "13400916"]
[BlackFideId "4147332"]
[EventDate "2014.05.04"]

1. e4 e6 2. d3 d5 3. Nd2 Nf6 4. Ngf3 c5 5. Be2 Nc6 6. O-O Be7 7. c3 d4 8. a4 e5
9. Nc4 Qc7 10. Bg5 Be6 11. Nfd2 Rd8 12. Qc2 h6 13. Bh4 Nd7 14. Bg3 Bg5 15. Nf3
Bf4 16. Bxf4 exf4 17. cxd4 cxd4 18. Rfc1 O-O 19. Qd2 a5 20. Na3 Qb6 21. Qxf4 Nc5
22. b3 Nxb3 23. Nb5 Na7 24. Nxa7 Qxa7 25. g4 Qb8 26. e5 f6 27. Qg3 Bd5 28. Rab1
Nxc1 29. Rxc1 fxe5 30. Nxe5 Rde8 31. f4 g5 32. Qh3 Rxf4 33. Qxh6 Qxe5 34. Qg6+
Kf8 35. Qh6+ Ke7 0-1

[Event "Nakhchivan Open 2014"]
[Site "Nakhchivan AZE"]
[Date "2014.05.04"]
[Round "1.12"]
[White "Shanava, Konstantine"]
[Black "Aliakbarov, Anar"]
[Result "1-0"]
[WhiteTitle "GM"]
[WhiteElo "2551"]
[BlackElo "2239"]
[WhiteFideId "13601784"]
[BlackFideId "13401858"]
[EventDate "2014.05.04"]

1. e4 e6 2. d4 d5 3. Nd2 dxe4 4. Nxe4 Nd7 5. Nf3 Be7 6. Bc4 Ngf6 7. Nxf6+ Bxf6
8. O-O c5 9. d5 Nb6 10. Bb5+ Ke7 11. Be3 Qxd5 12. Qe2 Bd7 13. Rad1 Bxb5 14. Qxb5
Qc6 15. Bxc5+ Ke8 16. Nd4 Bxd4 17. Qxc6+ bxc6 18. Rxd4 h5 19. Rfd1 h4 20. Rg4
Rh5 21. Be3 Kf8 22. h3 Nd5 23. Bg5 f6 24. Rxh4 Rxh4 25. Bxh4 Rb8 26. c4 Ne7 27.
b3 Nf5 28. Bg3 Nxg3 29. fxg3 Ke7 30. g4 a5 31. Rd3 Rb4 32. Kf2 a4 33. Ke3 c5 34.
Kd2 axb3 35. axb3 Rb8 36. Kc3 Ra8 37. Kb2 Ra7 38. Rd1 Ra8 39. Ra1 Re8 40. Ra7+
Kd6 41. Rxg7 Ke5 42. Kc3 Kf4 43. Rf7 e5 44. Rxf6+ Ke3 45. g5 e4 46. g6 Ke2 47.
h4 e3 48. h5 Ke1 49. g7 e2 50. Kc2 Rg8 51. Rf7 Rd8 52. Re7 Rd2+ 53. Kc1 Rd1+ 54.
Kb2 1-0

[Event "Nakhchivan Open 2014"]
[Site "Nakhchivan AZE"]
[Date "2014.05.05"]
[Round "2.2"]
[White "Abasov, Nijat"]
[Black "Khismatullin, Denis"]
[Result "1/2-1/2"]
[WhiteTitle "GM"]
[BlackTitle "GM"]
[WhiteElo "2516"]
[BlackElo "2682"]
[WhiteFideId "13402960"]
[BlackFideId "4142578"]
[EventDate "2014.05.04"]

1. d4 Nf6 2. Bg5 e6 3. Nd2 h6 4. Bh4 c5 5. e3 cxd4 6. exd4 Be7 7. Ngf3 b6 8. Bd3
Ba6 9. Qe2 Bxd3 10. Qxd3 Nc6 11. c3 O-O 12. O-O d5 13. Rfe1 Nh5 14. Bxe7 Qxe7
15. Ne5 Nxe5 16. Rxe5 Nf6 17. a4 a6 18. a5 bxa5 19. Rxa5 Qc7 20. Ra2 Ng4 21. Rh5
Rfb8 22. f3 g6 23. Rh4 Nf6 24. Rxh6 Qf4 25. Rh3 a5 26. Nf1 a4 27. Qd2 Nh5 28.
Qc2 Kg7 29. Kf2 Rb3 30. Ng3 Nf6 31. Ne2 Qg5 32. Qc1 Qxc1 33. Nxc1 Rb6 34. Nd3
Rb3 35. Nc5 Rb5 36. Ke3 Ne8 37. Rxa4 Rxa4 38. Nxa4 Ra5 39. b3 Rb5 40. Nc5 Ra5
41. Na4 Rb5 42. Nc5 Ra5 43. g4 Ra2 44. Rg3 Rxh2 45. Rg1 Rc2 46. Kd3 Rf2 47. Ke3
Rc2 48. Na4 Nd6 49. Kd3 Rf2 50. Ke3 Rc2 51. Rf1 Kf6 52. Kd3 Ra2 53. Ke3 Kg5 54.
Rc1 Kf6 55. Nc5 Ke7 56. c4 dxc4 57. bxc4 g5 58. Kd3 Rf2 59. Ke3 Ra2 1/2-1/2

[Event "Nakhchivan Open 2014"]
[Site "Nakhchivan AZE"]
[Date "2014.05.05"]
[Round "2.4"]
[White "Mammadov, Zaur"]
[Black "Shimanov, Aleksandr"]
[Result "0-1"]
[WhiteTitle "IM"]
[BlackTitle "GM"]
[WhiteElo "2453"]
[BlackElo "2636"]
[WhiteFideId "13401033"]
[BlackFideId "4198603"]
[EventDate "2014.05.04"]

1. e4 e6 2. d4 d5 3. Nc3 Nf6 4. Bg5 dxe4 5. Nxe4 Nbd7 6. Nf3 h6 7. Bxf6 Nxf6 8.
Bd3 c5 9. Qe2 cxd4 10. Bb5+ Nd7 11. O-O-O a6 12. Bxd7+ Bxd7 13. Ne5 Qc7 14. Nxd7
Qxd7 15. c3 Rc8 16. Kb1 Be7 17. Rxd4 Qc6 18. Rhd1 O-O 19. f3 b5 20. Ng3 Rfe8 21.
Qe4 a5 22. Rd7 b4 23. cxb4 axb4 24. Qxc6 Rxc6 25. Ne4 Kf8 26. Rc1 Rxc1+ 27. Kxc1
Rc8+ 28. Kb1 f5 29. Nf2 Ke8 30. Rd4 Rb8 31. Kc2 Rc8+ 32. Kb3 Rc1 33. Rd2 Ra1 34.
Rd1 Rxd1 35. Nxd1 Bd6 36. h3 Kf7 37. Nf2 Kf6 38. Nd3 Kg5 39. Nxb4 Kf4 40. a4 Kg3
41. a5 Bc7 42. a6 Bb6 43. Kc4 Kxg2 44. Kb5 Ba7 45. Nc6 Bg1 46. Ne7 f4 47. Nc8 e5
48. Nb6 e4 49. a7 e3 50. a8=Q e2 51. Qe4 Be3 52. Nd5 e1=Q 53. Nxf4+ Kg3 54. Nd3
Qe2 55. Qe5+ Kxh3 56. Qh5+ Kg2 57. Qg4+ Kf1 58. Qe4 h5 59. f4 h4 60. Kc4 Bg1 61.
Qf5 Qc2+ 62. Kb4 Qg2 63. Qe6 Qd2+ 64. Kc4 Qc2+ 0-1

[Event "Nakhchivan Open 2014"]
[Site "Nakhchivan AZE"]
[Date "2014.05.05"]
[Round "2.5"]
[White "Dastan, Muhammed Batuhan"]
[Black "Smirnov, Pavel"]
[Result "1-0"]
[WhiteTitle "IM"]
[BlackTitle "GM"]
[WhiteElo "2439"]
[BlackElo "2626"]
[WhiteFideId "6300014"]
[BlackFideId "4123425"]
[EventDate "2014.05.04"]

1. e4 c5 2. Nf3 d6 3. d4 cxd4 4. Nxd4 Nf6 5. Nc3 a6 6. Be2 e6 7. O-O Be7 8. f4
O-O 9. Be3 Qc7 10. a4 Nc6 11. Kh1 Nxd4 12. Qxd4 Bd7 13. e5 Ne8 14. Rf3 Bc6 15.
Rh3 dxe5 16. fxe5 Rd8 17. Qf4 f5 18. Bc4 Bd7 19. Nd5 exd5 20. Bxd5+ Kh8 21. Qf3
Rf6 22. Qh5 h6 23. exf6 Nxf6 24. Qg6 Ng4 25. Bd4 Bf6 26. Rxh6+ gxh6 27. Bxf6+
Nxf6 28. Qxf6+ Kh7 29. Re1 1-0

[Event "Nakhchivan Open 2014"]
[Site "Nakhchivan AZE"]
[Date "2014.05.05"]
[Round "2.6"]
[White "Rzayev, Bahruz"]
[Black "Korneev, Oleg"]
[Result "0-1"]
[WhiteTitle "IM"]
[BlackTitle "GM"]
[WhiteElo "2432"]
[BlackElo "2618"]
[WhiteFideId "13403036"]
[BlackFideId "4156803"]
[EventDate "2014.05.04"]

1. Nf3 d5 2. g3 c6 3. Bg2 Bg4 4. O-O Nd7 5. d3 e6 6. e4 Bd6 7. b3 Qf6 8. c3 Ne5
9. Bf4 Nxf3+ 10. Bxf3 Bxf3 11. Qxf3 g5 12. exd5 cxd5 13. Re1 Ne7 0-1

[Event "Nakhchivan Open 2014"]
[Site "Nakhchivan AZE"]
[Date "2014.05.05"]
[Round "2.7"]
[White "Pantsulaia, Levan"]
[Black "Aghasiyev, Kamal"]
[Result "1-0"]
[WhiteTitle "GM"]
[WhiteElo "2573"]
[BlackElo "2405"]
[WhiteFideId "13602071"]
[BlackFideId "13402854"]
[EventDate "2014.05.04"]

1. Nf3 Nf6 2. c4 g6 3. g3 Bg7 4. Bg2 O-O 5. O-O d6 6. d4 Nc6 7. Nc3 Bf5 8. Re1
Ne4 9. Nd5 Bd7 10. Qc2 f5 11. e3 e6 12. Nc3 Nxc3 13. Qxc3 e5 14. b4 e4 15. Nd2
a5 16. b5 Ne5 17. Ba3 Nd3 18. Red1 h5 19. Nb3 h4 20. Rxd3 exd3 21. Bxb7 Rb8 22.
Bd5+ Kh7 23. Nxa5 Qg5 24. Qxd3 Rbe8 25. Nb3 f4 26. exf4 Rxf4 27. Rf1 Bh3 28. Bc1
Bxf1 29. Qxf1 Ref8 30. Bxf4 Rxf4 31. Qc1 hxg3 32. hxg3 Rg4 33. Qxg5 Rxg5 34. Kg2
Bf6 35. a4 Rg4 36. a5 Rxd4 37. a6 1-0

[Event "Nakhchivan Open 2014"]
[Site "Nakhchivan AZE"]
[Date "2014.05.05"]
[Round "2.8"]
[White "Aghayev, Nijat"]
[Black "Gagunashvili, Merab"]
[Result "1/2-1/2"]
[WhiteTitle "IM"]
[BlackTitle "GM"]
[WhiteElo "2407"]
[BlackElo "2560"]
[WhiteFideId "13402048"]
[BlackFideId "13601652"]
[EventDate "2014.05.04"]

1. Nf3 d5 2. c4 c6 3. cxd5 cxd5 4. d4 Nc6 5. Nc3 Nf6 6. Bf4 a6 7. e3 Bg4 8. h3
Bxf3 9. Qxf3 e6 10. Rc1 Bd6 11. Bg5 Be7 12. Bd3 h6 13. Bh4 O-O 14. O-O Rc8 15.
Bb1 Na5 16. Qe2 Qd7 17. b4 Nc4 18. Bxf6 Bxf6 19. Ne4 Qe7 20. Nc5 Rc7 21. e4 g6
22. Rfe1 Nb6 23. e5 Bg7 24. a4 Nd7 25. a5 Nxc5 26. bxc5 Qd8 27. Bd3 Qh4 28. Qg4
Qxg4 29. hxg4 g5 30. Rb1 f6 31. exf6 Bxf6 32. Rb4 Re8 33. Bc2 Kg7 34. Bb3 Ree7
35. g3 e5 36. Bxd5 exd4 37. Rxe7+ 1/2-1/2

[Event "Nakhchivan Open 2014"]
[Site "Nakhchivan AZE"]
[Date "2014.05.05"]
[Round "2.9"]
[White "Savchenko, Boris"]
[Black "Guliev, Logman"]
[Result "1-0"]
[WhiteTitle "GM"]
[BlackTitle "IM"]
[WhiteElo "2559"]
[BlackElo "2386"]
[WhiteFideId "4147332"]
[BlackFideId "13400061"]
[EventDate "2014.05.04"]

1. e4 c5 2. Na3 Nc6 3. Bb5 d6 4. Qe2 Bd7 5. c3 Nf6 6. f4 e6 7. g4 a6 8. Bd3 h6
9. Bc2 b5 10. d3 b4 11. Nc4 bxc3 12. bxc3 d5 13. Ne5 Nxe5 14. fxe5 Nh7 15. Nf3
Be7 16. h4 Bc6 17. Rb1 Qa5 18. O-O dxe4 19. dxe4 Qxc3 20. Rb6 Bb5 21. Rxb5 axb5
22. Qxb5+ Kf8 23. Bb3 Qa5 24. Qc4 Qb4 25. Qd3 Rd8 26. Qa6 c4 27. Bxc4 Bc5+ 28.
Kg2 Ke7 29. Nd4 Rxd4 30. Rxf7+ Ke8 31. Qc6+ 1-0

[Event "Nakhchivan Open 2014"]
[Site "Nakhchivan AZE"]
[Date "2014.05.05"]
[Round "2.10"]
[White "Iskandarov, Misratdin"]
[Black "Shanava, Konstantine"]
[Result "0-1"]
[WhiteTitle "IM"]
[BlackTitle "GM"]
[WhiteElo "2403"]
[BlackElo "2551"]
[WhiteFideId "13400312"]
[BlackFideId "13601784"]
[EventDate "2014.05.04"]

1. Nf3 d5 2. g3 Bg4 3. Bg2 c6 4. c4 e6 5. O-O Nd7 6. b3 Ngf6 7. Bb2 Bd6 8. d3
Bxf3 9. Bxf3 h5 10. cxd5 cxd5 11. e4 dxe4 12. dxe4 Be5 13. Qe2 Bxb2 14. Qxb2 Qb8
15. Na3 Ne5 16. Bg2 a6 17. Rfd1 O-O 18. Rac1 h4 19. Qd4 h3 20. Bh1 Rd8 21. Qb6
Nd3 22. Rc3 Nf4 23. Bf3 Rxd1+ 24. Bxd1 Qd8 25. Qxd8+ Rxd8 26. Bf3 Nxe4 27. Rc1
Nd2 28. Bd1 Nd3 29. Rc7 Ne5 30. Be2 Ndf3+ 31. Kh1 Nd4 32. Bf1 Nb5 0-1

[Event "Nakhchivan Open 2014"]
[Site "Nakhchivan AZE"]
[Date "2014.05.05"]
[Round "2.11"]
[White "Asgarizadeh, Ahmad"]
[Black "Paichadze, Luka"]
[Result "1/2-1/2"]
[BlackTitle "GM"]
[WhiteElo "2320"]
[BlackElo "2535"]
[WhiteFideId "12505684"]
[BlackFideId "13602934"]
[EventDate "2014.05.04"]

1. e4 c6 2. d4 d5 3. Nc3 g6 4. e5 h5 5. Nf3 Bf5 6. Nh4 e6 7. Nxf5 gxf5 8. h4 c5
9. Bg5 Qb6 10. dxc5 Bxc5 11. Qd2 Nc6 12. Rh3 Qa5 13. f4 a6 14. a3 Nh6 15. Nd1
Qb6 16. c4 dxc4 17. Bxc4 Ng4 18. Rb3 Qa7 19. Rf3 O-O 20. b4 Bd4 21. Rc1 Bb6 22.
Rcc3 Rac8 23. Rfd3 Bd4 24. Rc2 Bxe5 25. Ne3 Bg7 26. Kf1 Nd4 27. Rc1 b5 28. Ba2
Rxc1+ 29. Qxc1 f6 30. Nxg4 fxg4 31. Qe3 fxg5 32. Bxe6+ Kh8 33. hxg5 Qb6 34. Bd5
Rd8 35. f5 Qd6 1/2-1/2

[Event "Nakhchivan Open 2014"]
[Site "Nakhchivan AZE"]
[Date "2014.05.05"]
[Round "2.12"]
[White "Mamedov, Rauf"]
[Black "Gholami, Aryan"]
[Result "1-0"]
[WhiteTitle "GM"]
[BlackTitle "FM"]
[WhiteElo "2660"]
[BlackElo "2237"]
[WhiteFideId "13401653"]
[BlackFideId "12554820"]
[EventDate "2014.05.04"]

1. e4 c5 2. c3 Nf6 3. e5 Nd5 4. Nf3 Nc6 5. d4 cxd4 6. cxd4 d6 7. Bc4 Nb6 8. Bb5
dxe5 9. Nxe5 Bd7 10. Nxd7 Qxd7 11. Nc3 e6 12. O-O Be7 13. Qg4 O-O 14. Rd1 Rfd8
15. Bh6 g6 16. Rac1 Rac8 17. Qg3 a6 18. Bf1 Qc7 19. Qe3 Nd5 20. Nxd5 exd5 21. g3
Re8 22. Qb3 Rcd8 23. Bh3 Bf6 24. Rc3 Qe7 25. Re3 Qb4 26. Qxb4 Nxb4 27. Rf3 Be7
28. Rb3 b5 29. Bf4 f5 30. a3 Nc6 31. Rc3 Nb8 32. Bg2 Bf6 33. Rc5 Kg7 34. h4 Nd7
35. Rc6 Nb8 36. Rb6 Rf8 37. Rb7+ Kh8 38. Rc1 Bxd4 39. Rcc7 Kg8 40. Bg5 Bf6 41.
b4 d4 42. Bf3 d3 43. Bd1 1-0

[Event "Nakhchivan Open 2014"]
[Site "Nakhchivan AZE"]
[Date "2014.05.06"]
[Round "3.2"]
[White "Shimanov, Aleksandr"]
[Black "Pantsulaia, Levan"]
[Result "1-0"]
[WhiteTitle "GM"]
[BlackTitle "GM"]
[WhiteElo "2636"]
[BlackElo "2573"]
[WhiteFideId "4198603"]
[BlackFideId "13602071"]
[EventDate "2014.05.04"]

1. d4 Nf6 2. Bg5 e6 3. Nd2 h6 4. Bh4 c5 5. e4 d5 6. e5 g5 7. Bg3 Nfd7 8. h4 gxh4
9. Bxh4 Be7 10. Bxe7 Qxe7 11. c3 Nc6 12. Nb3 c4 13. Nd2 b5 14. f4 Nb6 15. g3 Bd7
16. Bh3 O-O-O 17. Ne2 f6 18. Nf3 Be8 19. exf6 Qxf6 20. Ne5 Kb7 21. Qc2 Rg8 22.
b3 Bg6 23. Qb2 Bd3 24. Rg1 Nxe5 25. dxe5 Qg6 26. Nd4 Qe4+ 27. Kf2 Rxg3 28. Rxg3
Qxf4+ 29. Kg2 Be4+ 30. Kh2 Rg8 31. Rg1 h5 32. Nxe6 Qxe5 33. Qf2 1-0

[Event "Nakhchivan Open 2014"]
[Site "Nakhchivan AZE"]
[Date "2014.05.06"]
[Round "3.3"]
[White "Korneev, Oleg"]
[Black "Savchenko, Boris"]
[Result "1/2-1/2"]
[WhiteTitle "GM"]
[BlackTitle "GM"]
[WhiteElo "2618"]
[BlackElo "2559"]
[WhiteFideId "4156803"]
[BlackFideId "4147332"]
[EventDate "2014.05.04"]

1. e4 e6 2. d4 d5 3. Nd2 c5 4. exd5 exd5 5. Ngf3 Nf6 6. Bb5+ Bd7 7. Bxd7+ Nbxd7
8. O-O Be7 9. dxc5 Nxc5 10. Nb3 Nce4 11. Nfd4 Nd6 12. c3 O-O 13. Nc5 Qc8 14. Nd3
Nf5 15. Nxf5 Qxf5 16. Be3 Bd6 17. Bc5 Bxc5 18. Nxc5 Rfe8 19. Nb3 Re4 20. Nd4 Qf4
21. Qc1 Qc7 22. f3 Rh4 23. g3 Rh5 24. Re1 Re5 25. Rxe5 Qxe5 26. Qe1 Qd6 27. Qf1
Qb6 28. Qb5 Qxb5 29. Nxb5 h5 30. Rd1 Kf8 31. Kf2 Ke7 32. h3 g6 33. g4 hxg4 34.
hxg4 a6 35. Nd4 Rh8 36. Kg3 Kd6 37. Ne2 Re8 38. Kf2 Rh8 39. Kg3 Re8 40. Rd2 b5
41. Kf2 Rh8 42. Kg2 Ne8 43. Nf4 Nc7 44. b3 Ke5 45. Nd3+ Kd6 46. Nf4 Ke5 47. Nd3+ 1/2-1/2

[Event "Nakhchivan Open 2014"]
[Site "Nakhchivan AZE"]
[Date "2014.05.06"]
[Round "3.4"]
[White "Khismatullin, Denis"]
[Black "Dastan, Muhammed Batuhan"]
[Result "1-0"]
[WhiteTitle "GM"]
[BlackTitle "IM"]
[WhiteElo "2682"]
[BlackElo "2439"]
[WhiteFideId "4142578"]
[BlackFideId "6300014"]
[EventDate "2014.05.04"]

1. c4 c6 2. Nf3 Nf6 3. Nc3 d5 4. e3 e6 5. b3 Nbd7 6. Bb2 Bd6 7. Qc2 Qe7 8. Be2
O-O 9. Rg1 a6 10. g4 b5 11. g5 Ne8 12. d4 bxc4 13. bxc4 Ba3 14. Rb1 Bxb2 15.
Rxb2 dxc4 16. Bxc4 c5 17. Bd3 g6 18. Ne4 Ra7 19. dxc5 Rc7 20. c6 Nd6 21. Ke2
Nxe4 22. Bxe4 Nc5 23. Rc1 Nxe4 24. Qxe4 a5 25. Rb6 Rd8 26. Rd1 Ra7 27. Rxd8+
Qxd8 28. Qd4 Qc7 29. Ne5 a4 30. Ng4 1-0